ا سلا م کا نظریہ ملکیت / (Record no. 146776)

MARC details
000 -LEADER
fixed length control field 00866nam a22001937a 4500
005 - DATE AND TIME OF LATEST TRANSACTION
control field 20230912120750.0
010 ## - LCCN (DPL NO)
LC control number UR-9826
020 6# - INTERNATIONAL STANDARD BOOK NUMBER
Terms of availability 300.00
035 ## - SYSTEM CONTROL NUMBER
System control number U-8381
037 ## - SOURCE OF ACQUISITION
Source of stock number/acquisition DBAD/PUB
082 ## - DEWEY DECIMAL CLASSIFICATION NUMBER
Classification number 270
100 ## - MAIN ENTRY--PERSONAL NAME
Personal name صد یقی ،محمد نجا ت ا للہ
245 ## - TITLE STATEMENT
Title ا سلا م کا نظریہ ملکیت /
Statement of responsibility, etc صد یقی ،محمد نجا ت ا للہ
246 ## - VARYING FORM OF TITLE
Title proper/short title Islam ka Nazariya-e-Milkiyat
Remainder of title by Mohd. Nejatullah Siddiqui
260 ## - PUBLICATION, DISTRIBUTION, ETC. (IMPRINT)
Place of publication, distribution, etc نئی د لی
Name of publisher, distributor, etc Merkazi Maktaba Islami Publishers
Date of publication, distribution, etc 2004
270 ## - ADDRESS
Address D307,Dawat Nagar,Abul Fazal Enclave,Jamia Nagar ,
City New Delhi
Postal code 110025
Telephone number 01126971652
Fax number -
300 ## - PHYSICAL DESCRIPTION
Extent 624ص
Dimensions 22cm(Hb)
942 ## - ADDED ENTRY ELEMENTS (KOHA)
Source of classification or shelving scheme Dewey Decimal Classification
Item type Urdu Bks
Classification part 270
Call number suffix ص د ی
Edition
Holdings
Withdrawn status Lost status Not for loan Collection code Home library Current library Date acquired Source of acquisition Cost, normal purchase price Full call number Barcode Copy number Cost, replacement price Koha item type
      Non-fiction Sarojini Nagar Sarojini Nagar 23/10/2017 DBAD/PUB. 300.00 270 ص د ی U-8381 1 300.00 Urdu Bks

© Delhi Public Library
Hit Counter
free hit counter